|
|
|
|
| LEADER |
00000nam0a2200000 4500 |
| 001 |
232789 |
| 005 |
20231101231210.0 |
| 020 |
|
|
|a RU
|b 88-79676
|
| 035 |
|
|
|a (RuTPU)RU\TPU\book\253845
|
| 090 |
|
|
|a 232789
|
| 100 |
|
|
|a 20130219d1988 m a0rusy5003 ca
|
| 101 |
0 |
|
|a rus
|
| 102 |
|
|
|a RU
|
| 105 |
|
|
|a a z 001zy
|
| 200 |
1 |
|
|a Литология и условия формирования резервуаров нефти и газа Сибирской платформы
|f Сибирское научно-производственное объединение по геолого-геофизическим работам ; под ред. Т. И. Гуровой, Л. С. Черновой
|
| 210 |
|
|
|a Москва
|c Недра
|d 1988
|
| 215 |
|
|
|a 254 с.
|c ил.
|d 22 см
|
| 320 |
|
|
|a Библиогр.: с. 251-253 (53 назв.)
|
| 606 |
1 |
|
|a Нефтегазоносность
|x Поиски и разведка
|2 stltpush
|3 (RuTPU)RU\TPU\subj\45612
|9 64805
|
| 610 |
1 |
|
|a нефть
|
| 610 |
1 |
|
|a природные газы
|
| 610 |
1 |
|
|a нефтяные месторождения
|
| 610 |
1 |
|
|a газовые месторождения
|
| 610 |
1 |
|
|a происхождение
|
| 610 |
1 |
|
|a Сибирская платформа
|
| 610 |
1 |
|
|a горючие газы
|
| 610 |
1 |
|
|a литология
|
| 610 |
1 |
|
|a резервуары
|
| 610 |
1 |
|
|a классификация
|
| 610 |
1 |
|
|a прогнозные карты
|
| 610 |
1 |
|
|a составление
|
| 675 |
|
|
|a 553.98:550.8
|z rus
|
| 702 |
|
1 |
|a Гурова
|b Т. И.
|4 340
|
| 702 |
|
1 |
|a Чернова
|b Л. С.
|4 340
|
| 712 |
0 |
2 |
|a Сибирское научно-производственное объединение по геолого-геофизическим работам
|2 stltpush
|3 (RuTPU)RU\TPU\col\18791
|
| 801 |
|
0 |
|a RU
|b RuMRKP
|c 19960705
|g psbo
|
| 801 |
|
1 |
|a RU
|b 63413507
|c 20130219
|
| 801 |
|
2 |
|a RU
|b 63413507
|c 20130514
|g RCR
|
| 942 |
|
|
|c BK
|